Intervención

में बचाया:
ग्रंथसूची विवरण
निगमित लेखक: Federación Nacional de Trabajadores Agrícolas y de Plantaciones
स्वरूप: मूलपाठ
प्रकाशित: San José: FENTRAP
टैग: टैग जोड़ें
कोई टैग नहीं, इस रिकॉर्ड को टैग करने वाले पहले व्यक्ति बनें!

MARC

LEADER 00000 a a2200000 04500
001 25360
003
040
090 |a 181401  
110 |a Federación Nacional de Trabajadores Agrícolas y de Plantaciones  
245 |a Intervención  
260 |a San José:   |b FENTRAP  
300 |a 17 p  
999 |c 14172  |d 14172